000 00495nam a22001577a 4500
005 20240108105108.0
008 190529b xxu||||| |||| 00| 0 eng d
020 _a978-93-88794-12-9
041 _aeng
100 _aUSMAN, DR. MD.RAGEEB, JADHAV PRERNA N , CHAUBBY ,Dr. NEELESH SHAOKH Dr. MOHAMMED ZUBEER AND KEERTHY H.S
_98273
245 _aA PRACTICAL BOOK OF PHARMACEUTICAL ENGINEERING
260 _aPUNE
_bNIRALI PRAKASHAN
300 _a124p,
650 _aPHARMACY
_xB.PHARMA
942 _cBK
999 _c5893
_d5891